00667nam a2200121Ia 4500008004100000020001800041100012700059245017300186260002700359650010900386650000800495856004200503171212s9999 xx 000 0 und d a9780833041319 aPace, Nicholas M.;Carroll, Stephen J.;Vogelsang, Ingo;Zakaras, Laura;Stephen J. Carroll, ;Ingo Vogelsang, ;Laura Zakaras,  cPace, Nicholas M.;Carroll, Stephen J.;Vogelsang, Ingo;Zakaras, Laura;Stephen J. Carroll, ;Ingo Vogelsang, ;Laura Zakaras, aInsurance Class Actions in the United States bRAND Corporationc2007 aClass actions (Civil procedure) -- United States; Tort liability of insurance companies -- United States aLaw uwww.jstor.org/stable/10.7249/mg587icj